[Event "ICS rated blitz match"]
[Site "207.99.83.227"]
[Date "1999.05.17"]
[Round "?"]
[White "Hossa"]
[Black "yoop"]
[Result "1-0"]
[WhiteElo "2316"]
[BlackElo "2115"]
[PlyCount "57"]

1. e4 c5 2. Nc3 Nc6 3. Nf3 d6 4. d4 cxd4 5. Nxd4 Nxd4 6. Qxd4 Bd7 7. Bd3 Nf6 8.
O-O g6 9. e5 dxe5 10. Qxe5 Bg7 11. Nd5 O-O 12. Nxe7+ Kh8 13. Bg5 Ng4 14. Qd6 f6
15. Bf4 Re8 16. Nxg6+ hxg6 17. Bxg6 Re6 18. Qd3 Nh6 19. Rad1 Re7 20. Qd5 Rc8
21. Qh5 Qf8 22. Bd6 Bg4 23. Qd5 Bxd1 24. Bxe7 Qxe7 25. Rxd1 Rxc2 26. Qd8+ Qf8
27. Bxc2 Nf7 28. Qc7 Ne5 29. Rd8 {yoop resigns} 1-0

[Event "ICS Rated blitz match"]
[Site "207.99.83.227"]
[Date "1999.05.18"]
[Round "?"]
[White "TopKrusher"]
[Black "Hossa"]
[Result "0-1"]
[WhiteElo "1980"]
[BlackElo "2317"]
[PlyCount "193"]

1. d4 Nf6 2. c4 d6 3. Nc3 Nbd7 4. e4 e5 5. Nf3 Be7 6. Be2 O-O 7. O-O c6 8. Re1
Ng4 9. h3 Ngf6 10. Be3 Qe8 11. d5 Qd8 12. b4 a6 13. Qa4 Rb8 14. Rad1 cxd5 15.
exd5 a5 16. a3 Ra8 17. c5 e4 18. Ng5 axb4 19. Qxa8 bxc3 20. c6 bxc6 21. dxc6
Ne5 22. Bd4 c2 23. Rd2 Qc7 24. Bxe5 dxe5 25. Bc4 h6 26. Nxf7 Be6 27. Nxh6+ Kh8
28. Qb7 Qxb7 29. cxb7 Bxc4 30. Rxc2 Be6 31. Rb1 Nd7 32. Ng4 Bxa3 33. Nxe5 Nxe5
34. b8=R Kh7 35. Rxf8 Bxf8 36. Rcc1 Nd3 37. Rc6 Bd5 38. Rc8 Be7 39. Rb5 Nf4 40.
Ra5 Bb4 41. Ra7 Bc3 42. Kf1 Bf6 43. Rac7 Bd4 44. h4 e3 45. fxe3 Bxe3 46. g3
Bg2+ 47. Ke1 Nd5 48. Rf7 Kg6 49. Rd7 Kh7 50. Rf8 Nb6 51. Rd1 Nc4 52. Ke2 Bh3
53. Kf3 Bd2 54. Ke4 Bb4 55. Rfd8 Bg4 56. Ra1 Be6 57. Ra6 Bf7 58. Rc6 Be1 59.
Rd4 Nd2+ 60. Kf4 Nf1 61. Rd3 Bg6 62. Ra3 Bd2+ 63. Ke5 Ne3 64. Rc7 Kh6 65. Rb3
Ng4+ 66. Kd5 Ne3+ 67. Kc5 Nf5 68. Rd7 Be1 69. g4 Bf2+ 70. Kb4 Nxh4 71. Ra3 Be4
72. Rf7 Be1+ 73. Kc4 Bd2 74. Kd4 Bg2 75. Ra6+ g6 76. Ra2 Bb4 77. Kc4 Bd6 78.
Rf6 Bb8 79. Rf8 Bg3 80. Ra5 Kg7 81. Re8 Kf7 82. Rd8 Nf3 83. Ra7+ Kf6 84. Kc3
Ne5 85. Ra6+ Kg5 86. Rd4 Bf3 87. Rda4 Nxg4 88. Ra2 Be5+ 89. Kd2 Be4 90. R2a4
Bf5 91. R6a5 Bf4+ 92. Kc3 Ne3 93. Rb5 Kg4 94. Rba5 g5 95. Kd4 Bd7 96. Rb4 Nc2+
97. Kc3 {TopKrusher resigns} 0-1

[Event "ICS rated blitz match"]
[Site "207.99.83.227"]
[Date "1999.05.18"]
[Round "?"]
[White "Hossa"]
[Black "RedBear"]
[Result "1/2-1/2"]
[WhiteElo "2321"]
[BlackElo "2473"]
[PlyCount "73"]

1. e4 c6 2. d4 d5 3. e5 Bf5 4. Nf3 e6 5. Bd3 Bxd3 6. Qxd3 Qa5+ 7. Nbd2 Qa6 8.
c4 Ne7 9. O-O Nd7 10. b3 Nf5 11. Qc3 c5 12. dxc5 Bxc5 13. b4 Be7 14. b5 Qb6 15.
cxd5 exd5 16. Bb2 Qxb5 17. Qc2 Nc5 18. Qxf5 Qxb2 19. Rfb1 Qc3 20. Nb3 Nxb3 21.
axb3 g6 22. Qf4 O-O 23. Rc1 Qb2 24. Rab1 Qa2 25. Rd1 Rfc8 26. Nd4 Rf8 27. Ra1
Qb2 28. Qh6 Rac8 29. Rab1 Qa2 30. h4 a6 31. h5 Bh4 32. g3 Be7 33. Ra1 Qb2 34.
Rab1 Qa2 35. Ra1 Qb2 36. Rab1 Qa2 37. Ra1 {Game drawn by repetition} 1/2-1/2

[Event "ICS rated blitz match"]
[Site "207.99.83.227"]
[Date "1999.05.18"]
[Round "?"]
[White "OSOWR"]
[Black "Hossa"]
[Result "1-0"]
[WhiteElo "2233"]
[BlackElo "2328"]
[Annotator "Crafty v16.6"]
[PlyCount "87"]

{annotating for player ossa using a scoring margin of +0.20 pawns. search time
limit is 10.00} 1. d4 1... Nf6 2. Nf3 e6 3. c4 d5 4. Nc3 Be7 5. Bg5 O-O 6. e3
Nc6 7. cxd5 Nxd5 8. Bxe7 Qxe7 9. Rc1 Qb4 10. Qd2 Bd7 ({8:-0.53} 10... Bd7 11.
Nxd5 Qxd2+ 12. Kxd2 exd5 13. Bb5 Rac8 14. Rc5 Rce8 15. Rxd5 $14) ({8:-0.19} 
10... Qd6 11. Ne4 Qb4 12. Bc4 f5 13. Neg5 f4 14. Bxd5 Qxd2+ 15. Kxd2 15... exd5
$10) 11. Bd3 Qa5 12. O-O Rad8 13. Ne4 Qxd2 14. Nfxd2 Ncb4 15. Bb1 Bb5 16. Rfd1
Be2 17. Re1 Bd3 18. a3 Bxb1 19. Rxb1 Nc6 20. Rec1 Rb8 21. Nc5 Rfd8 22. Nxb7
Rxb7 23. Rxc6 e5 24. Nf3 exd4 25. Nxd4 a5 26. b3 h5 27. Rc5 a4 28. b4 Rd7 29.
g4 hxg4 30. Kg2 Kh7 31. Rbc1 g6 32. Nc6 f6 33. R1c4 Nb6 34. Rxg4 Rd3 35. Ne7
Kg7 36. Nxg6 Rxa3 37. Rh5 Kf7 38. Nf4 Ke7 39. Rg7+ Kd6 40. Rf7 Rb3 41. Rxf6+
Ke7 42. Re6+ Kd7 43. Rh7+ Kc8 44. Re8# 1-0

[Event "ICS rated blitz match"]
[Site "207.99.83.227"]
[Date "1999.05.18"]
[Round "?"]
[White "Hossa"]
[Black "ronybony"]
[Result "1-0"]
[WhiteElo "2320"]
[BlackElo "1922"]
[PlyCount "57"]

1. e4 c5 2. Nc3 Nc6 3. Nf3 d6 4. d4 cxd4 5. Nxd4 Nf6 6. Bc4 e6 7. Nxc6 bxc6 8.
O-O Be7 9. Qf3 Bd7 10. Qg3 O-O 11. Bh6 Nh5 12. Qg4 d5 13. Bb3 Kh8 14. Qxh5 gxh6
15. Rad1 Rg8 16. Qxf7 Bc5 17. Qf4 Qg5 18. Qxg5 Rxg5 19. exd5 exd5 20. Ne4 dxe4
21. Rxd7 Rf8 22. Rf7 Rfg8 23. g3 e3 24. fxe3 Bxe3+ 25. Kg2 Rd8 26. Rc7 Rd2+ 27.
Kh1 Bc5 28. Rc8+ Kg7 29. Rg8# {ronybony checkmated} 1-0

[Event "ICS rated blitz match"]
[Site "207.99.83.227"]
[Date "1999.05.18"]
[Round "?"]
[White "lunarlander"]
[Black "Hossa"]
[Result "1-0"]
[WhiteElo "2143"]
[BlackElo "2323"]
[Annotator "Crafty v16.6"]
[PlyCount "143"]

{annotating for player ossa using a scoring margin of +0.20 pawns. search time
limit is 10.00} 1. e4 1... e5 2. Nf3 Nf6 3. Nxe5 d6 4. Nf3 Nxe4 5. Nc3 Nxc3 6.
dxc3 Be7 7. Bf4 O-O 8. Qd2 Bf6 9. O-O-O Bg4 10. Be2 Re8 11. h3 Be6 12. Kb1 Qd7
13. Rhe1 Qa4 14. c4 b5 ({8:-0.01} 14... b5 15. Bg5 Nd7 16. Bxf6 Nxf6 17. b3 Qa3
18. cxb5 18... Ne4 $10) ({8:+0.27} 14... Nc6 15. Bg5 Be7 16. b3 Qa3 17. Qc1 Qc5
18. Qe3 $10) 15. b3 Qa3 16. Qc1 Qxc1+ ({8:-0.24} 16... Qxc1+ 17. Bxc1 bxc4 18.
Bxc4 Nc6 19. Bxe6 Rxe6 20. Bb2 Bxb2 21. Rxe6 fxe6 22. Kxb2 $10) ({8:+0.09} 
16... Qa5 17. Bd2 b4 18. Bd3 Nc6 19. Be4 d5 20. cxd5 20... Bxd5 $10) 17. Bxc1
Bc3 18. Bd2 Bxd2 19. Nxd2 a6 ({10:-1.31} 19... a6 20. cxb5 axb5 21. Bxb5 c6 22.
Be2 Nd7 23. Nc4 d5 24. Bg4 24... f5 $16) ({10:-0.41} 19... bxc4 20. Bf3 c6 21.
Nxc4 d5 22. Nd6 Rd8 23. Nb7 Re8 24. Nd6 $14) 20. cxb5 axb5 21. Bxb5 c6 22. Bc4
d5 23. Bd3 Nd7 24. Nf3 Nf6 25. Nd4 Ra3 26. Nxe6 fxe6 27. Kb2 Ra5 28. a4 e5 29.
f3 e4 30. fxe4 dxe4 31. Bc4+ Kf8 32. Re3 c5 33. Rf1 Ke7 34. g4 h6 35. h4 Kd6
36. g5 hxg5 37. hxg5 Ng4 38. Rg3 Ne5 39. Rd1+ Kc7 40. Bb5 Rd8 41. Rxd8 Kxd8 42.
Re3 Ra7 43. Rxe4 Re7 44. Ka3 Ng6 45. Rxe7 Kxe7 46. a5 Kd6 47. c3 Kd5 48. Bc4+
Kc6 49. b4 Ne5 50. b5+ Kd6 51. Be2 Nc6 52. bxc6 Kxc6 53. Ka4 Kc7 54. Kb5 Kb8
55. Kxc5 Ka7 56. Kb5 Kb8 57. c4 Kc8 58. c5 Kc7 59. c6 Kd8 60. Kb6 Ke7 61. c7
Kd7 62. c8=Q+ Kxc8 63. a6 Kd8 64. Bf3 g6 65. a7 Kd7 66. a8=Q Ke7 67. Qc6 Kd8
68. Qd6+ Ke8 69. Bc6+ Kf7 70. Qd7+ Kg8 71. Bd5+ Kf8 72. Qf7# 1-0

[Event "ICS rated blitz match"]
[Site "207.99.83.227"]
[Date "1999.05.18"]
[Round "?"]
[White "Hossa"]
[Black "MasterMarc"]
[Result "0-1"]
[WhiteElo "2299"]
[BlackElo "2213"]
[Annotator "Crafty v16.6"]
[PlyCount "93"]

{annotating for player ossa using a scoring margin of +0.20 pawns. search time
limit is 10.00} 1. e4 1... c5 2. Nc3 Nc6 3. Nf3 e6 4. Bb5 Nge7 5. d4 cxd4 6.
Nxd4 Nxd4 7. Qxd4 a6 8. Ba4 b5 9. Bb3 Nc6 10. Qd3 Qc7 11. O-O Bb7 12. Rd1 Ne5
13. Qg3 ({8:+0.09} 13. Qg3 13... b4 14. Nb1 Bxe4 15. Re1 d5 16. Ba4+ Ke7 17.
Bg5+ 17... f6 $10) ({8:+0.34} 13. Qe2 13... Bd6 14. Bg5 O-O 15. Qd2 Bb4 16. Qd4
Bxc3 17. bxc3 $14) 13... b4 14. Ne2 ({8:-0.11} 14. Ne2 14... Bxe4 15. c3 Bg6
16. cxb4 Bxb4 17. Bf4 f6 18. Qe3 $10) ({8:+0.59} 14. Nb1 14... f6 15. Rd4 g5
16. Be3 Bc5 17. Rc4 17... d6 $14) 14... Bxe4 15. c3 bxc3 16. Nxc3 Bc6 17. Be3
Rb8 18. Bd4 f6 19. Rac1 ({8:-0.16} 19. Rac1 19... Rb4 20. Ne4 d5 21. Nc5 Bxc5
22. Bxc5 Re4 23. Qc3 $10) ({8:+0.13} 19. Re1 19... Rb7 20. Bxe5 fxe5 21. Qg4 a5
22. Qh5+ g6 23. Qxe5 Qxe5 24. Rxe5 $10) 19... Rc8 20. Qh3 Ng6 21. Ne2 Bd6 22.
Bc4 Qb7 23. Qd3 Ra8 24. Qh3 Be5 25. Qg4 f5 26. Qg5 O-O 27. Bb3 Bc7 28. Bc5 Rfc8
29. Bd6 Bd8 30. Qg3 Bf6 31. Rc2 a5 32. Rcd2 a4 33. Bc2 Nh4 34. Nf4 Bxg2 35.
Nxg2 Nf3+ 36. Kf1 Nxd2+ 37. Rxd2 Qxb2 38. Ne3 Qxa2 39. Kg1 Qb2 40. Qf3 a3 41.
Nd1 Qc1 42. Bf4 a2 43. Re2 Qa3 44. Bb3 a1=Q 45. Re3 Qb4 46. Kh1 Qa6 47. Kg1 0-1

[Event "ICS rated blitz match"]
[Site "207.99.83.227"]
[Date "1999.05.18"]
[Round "?"]
[White "PeterCottonTail"]
[Black "Hossa"]
[Result "0-1"]
[WhiteElo "1985"]
[BlackElo "2269"]
[PlyCount "84"]

1. e4 e5 2. Nf3 Nf6 3. Nxe5 d6 4. Nxf7 Kxf7 5. d4 Be6 6. Nc3 Be7 7. d5 Bc8 8.
Be2 Rf8 9. O-O Kg8 10. f4 Qe8 11. e5 dxe5 12. fxe5 Bc5+ 13. Kh1 Qxe5 14. Bf4
Qe7 15. Bf3 Na6 16. Qd2 Ng4 17. Rae1 Qh4 18. Bg3 Qd8 19. Ne4 Bb6 20. c4 Kh8 21.
b4 c6 22. d6 c5 23. b5 Nb8 24. Qe2 Nh6 25. Be5 Nd7 26. Ba1 Ba5 27. Rd1 Qh4 28.
g3 Qd8 29. Qe3 Nf5 30. Qg5 Qxg5 31. Nxg5 Ne3 32. Ne6 Rf7 33. Rde1 Bxe1 34. Rxe1
Rxf3 35. Nc7 Rb8 36. Kg1 Nb6 37. Ne8 Bh3 38. Nxg7 Kg8 39. Nh5 Rbf8 40. Nf4
Nbxc4 41. Nxh3 Rf1+ 42. Rxf1 42... Rxf1# {PeterCottonTail checkmated} 0-1

[Event "ICS rated blitz match"]
[Site "207.99.83.227"]
[Date "1999.05.18"]
[Round "?"]
[White "Krell"]
[Black "Hossa"]
[Result "1-0"]
[WhiteElo "2486"]
[BlackElo "2274"]
[Annotator "Crafty v16.6"]
[PlyCount "86"]

{annotating for player ossa using a scoring margin of +0.20 pawns. search time
limit is 10.00} 1. e4 1... e5 2. Nf3 Nf6 3. d4 exd4 4. e5 Ne4 5. Qxd4 f5 6.
exf6 Nxf6 7. Bd3 Nc6 8. Qh4 Bb4+ 9. c3 Be7 ({8:-1.58} 9... Be7 10. Bg6+ Kf8 11.
O-O Nd5 12. Qh5 Nf6 13. Qh3 13... Bc5 $18) ({8:-0.69} 9... Qe7+ 10. Kd1 Qd6 11.
Re1+ Kd8 12. Kc2 Bc5 13. Bg5 Ne7 14. Ne5 $14) 10. O-O d5 ({8:-1.66} 10... d5
11. Bg6+ Kf8 12. Bg5 Kg8 13. Bd3 Ne4 14. Bxe7 Qxe7 15. Qh5 $18) ({8:-1.40} 
10... O-O 11. Re1 a5 12. Bg5 h6 13. Be3 Nd5 14. Qc4 $16) 11. Bg5 Ne4 ({8:-2.28
} 11... Ne4 12. Bxe4 dxe4 13. Qxe4 O-O 14. Qc4+ Rf7 15. Bxe7 Qxe7 16. Re1 16...
Qd6 $18) ({8:-1.35} 11... Be6 12. Re1 Qd7 13. Bxf6 gxf6 14. Bg6+ Kd8 15. Nd4
Nxd4 16. cxd4 Kc8 17. Bxh7 $16) 12. Qh5+ g6 13. Bxe7 Nxe7 ({9:-2.12} 13... Nxe7
14. Qe5 O-O 15. Bxe4 dxe4 16. Qxe4 Bf5 17. Qe2 c5 18. Nbd2 $18) ({9:-1.01} 
13... Qd7 14. Ne5 gxh5 15. Nxd7 Nxe7 16. Bxe4 Bxd7 17. Bf3 17... Bg4 $16) 14.
Qe5 O-O ({9:-2.27} 14... O-O 15. Bxe4 dxe4 16. Qxe4 Bf5 17. Qe2 Nd5 18. Ne5 c5
19. Nd2 $18) ({9:-1.97} 14... Rf8 15. Bxe4 dxe4 16. Qxe4 Qd5 17. Qe3 Bh3 18.
Re1 Rf7 19. Nbd2 $18) 15. Bxe4 dxe4 16. Qxe4 Nd5 17. Rd1 c6 18. Na3 Bf5 19. Qd4
Qe7 ({8:-1.68} 19... Qe7 20. Re1 Qf6 21. Re5 Rae8 22. Rae1 Rxe5 23. Nxe5 23...
Re8 $18) ({8:-1.46} 19... Qb6 20. Qd2 Bg4 21. Nc4 Qc7 22. Nce5 Bxf3 23. Nxf3
23... Qf4 $16) 20. Re1 Be6 21. Nc4 Nf4 22. Nd6 Rad8 23. Rad1 Qc7 24. Re4 Nh3+
25. gxh3 Bd5 26. Re3 Rxd6 27. c4 b5 28. b3 bxc4 29. bxc4 Rdf6 30. cxd5 Rxf3 31.
d6 Qf7 32. Re7 Qf6 33. Qxf6 R3xf6 34. d7 Rd8 35. Rde1 Rff8 36. Kg2 c5 37. R1e5
Rb8 38. Re8 Kf7 39. R5e7+ Kf6 40. Rxf8+ Kxe7 41. Rxb8 Kxd7 42. Rb7+ Ke6 43.
Rxa7 Ke5 1-0

[Event "ICS rated blitz match"]
[Site "207.99.83.227"]
[Date "1999.05.18"]
[Round "?"]
[White "saknight"]
[Black "Hossa"]
[Result "0-1"]
[WhiteElo "2091"]
[BlackElo "2281"]
[PlyCount "38"]

1. e4 e5 2. f4 exf4 3. Bc4 Qh4+ 4. Kf1 Nc6 5. Nf3 Qg4 6. c3 Be7 7. d4 Nf6 8.
Qe2 O-O 9. Nbd2 Na5 10. Bd3 d5 11. e5 Ne8 12. h4 Nc6 13. Kg1 f6 14. Nf1 fxe5
15. dxe5 Bc5+ 16. Kh2 a5 17. Bxh7+ Kxh7 18. Ng5+ Kg8 19. Qxg4 19... Bxg4 {
saknight resigns} 0-1

[Event "ICS rated blitz match"]
[Site "207.99.83.227"]
[Date "1999.05.18"]
[Round "?"]
[White "Hossa"]
[Black "rajah"]
[Result "1-0"]
[WhiteElo "2289"]
[BlackElo "2556"]
[PlyCount "97"]

1. e4 e6 2. d3 d5 3. Nd2 Nf6 4. Ngf3 Nc6 5. e5 Nd7 6. d4 Be7 7. Bb5 O-O 8. O-O
a6 9. Ba4 b5 10. Bb3 Bb7 11. Qe2 Na5 12. c3 Nxb3 13. axb3 c6 14. Ne1 Rc8 15. b4
Qc7 16. Nd3 Ra8 17. Nb3 Rae8 18. Qh5 h6 19. Bxh6 gxh6 20. Qxh6 Qd8 21. f4 Bh4
22. Rf3 Qe7 23. Rh3 f5 24. Rxh4 Qg7 25. Qh5 Re7 26. Nbc5 Nxc5 27. Nxc5 Bc8 28.
Rh3 Qh7 29. Qf3 Qf7 30. Rh6 Qe8 31. Qh3 Rg7 32. Rh8+ Kf7 33. Qh5+ Rg6 34. Rh7+
Kg8 35. Nxa6 Bxa6 36. Rxa6 Rxg2+ 37. Kxg2 Qxh5 38. Rxh5 Re8 39. Rxc6 Re7 40.
Rb6 Kg7 41. Kg3 Kf8 42. Rxb5 Kg7 43. Rb8 Rf7 44. Rbh8 Rf8 45. R8h7+ Kg8 46. h4
Ra8 47. Rh8+ Kg7 48. R5h7+ Kg6 49. h5# {rajah checkmated} 1-0

[Event "ICS rated blitz match"]
[Site "207.99.83.227"]
[Date "1999.05.18"]
[Round "?"]
[White "neuromante"]
[Black "Hossa"]
[Result "1/2-1/2"]
[WhiteElo "2223"]
[BlackElo "2315"]
[PlyCount "53"]

1. e4 e5 2. Nf3 Nf6 3. Nxe5 d6 4. Nf3 Nxe4 5. d4 Be7 6. Bd3 Nf6 7. h3 O-O 8.
O-O Re8 9. c4 Nc6 10. Nc3 d5 11. cxd5 Nxd5 12. Re1 Ncb4 13. Nxd5 Qxd5 14. Be4
Qh5 15. Bd2 Nd5 16. Ng5 Qxd1 17. Raxd1 Nf6 18. Bf3 h6 19. Ne4 Nxe4 20. Bxe4 Bd7
21. Bf4 c6 22. d5 Bb4 23. Re3 Bc5 24. Ree1 Bb4 25. Re3 Bc5 26. Ree1 Bb4 27. Re3
{Game drawn by repetition} 1/2-1/2

[Event "ICS rated blitz match"]
[Site "207.99.83.227"]
[Date "1999.05.18"]
[Round "?"]
[White "Hossa"]
[Black "Fioro"]
[Result "0-1"]
[WhiteElo "2320"]
[BlackElo "2200"]
[Annotator "Crafty v16.6"]
[PlyCount "152"]

{annotating for player ossa using a scoring margin of +0.20 pawns. search time
limit is 10.00} 1. e4 1... c5 2. Nc3 Nc6 3. Nf3 d6 4. d4 cxd4 5. Nxd4 Nf6 6.
Bc4 ({9:+0.31} 6. Bc4 6... Nxd4 7. Qxd4 e5 8. Bb5+ Bd7 9. Qd3 Be7 10. O-O O-O
11. Bg5 $14) ({9:+0.81} 6. Bb5 6... Bd7 7. O-O e5 8. Nf5 a6 9. Bd3 a5 10. Ng3
$16) 6... Qb6 7. Nxc6 bxc6 8. O-O g6 9. Rb1 Bg7 10. Be3 Qc7 11. a4 ({8:+0.09} 
11. a4 11... Ng4 12. Bf4 O-O 13. Be2 Qd7 14. Qd3 14... a5 $10) ({8:+0.32} 11.
Bg5 11... O-O 12. Qd3 Qd7 13. Qe3 Qg4 14. Rbd1 14... Rb8 $14) 11... O-O 12. Bg5
e6 13. Qf3 Nd7 14. Qg3 Ne5 15. Ba2 Ba6 16. Rfd1 h6 17. Bc1 d5 18. Be3 Rac8 19.
Qh3 h5 20. Bc5 Rfd8 21. Qg3 Nc4 22. Qxc7 Rxc7 23. Bd4 e5 24. Bc5 d4 25. Bxc4
Bxc4 26. b3 Be6 27. Rd3 Bf8 28. Bxf8 Kxf8 29. Rf1 c5 30. Nb5 Rb7 31. Na3 Rc8
32. Nb5 Rd7 33. Rd2 a6 34. Na3 Ke7 35. a5 Rb7 36. g3 c4 37. bxc4 Bxc4 38. Ra1
Be6 39. f4 f6 40. Kg2 Rc3 41. Re2 Rbc7 42. Rd2 Re3 43. Rf2 Rxe4 44. h3 Re3 45.
fxe5 fxe5 46. h4 Rcc3 47. Nb1 Rxg3+ 48. Kh2 Rh3+ 49. Kg1 Rcg3+ 50. Rg2 Rxg2+
51. Kxg2 Rxh4 52. c3 Rg4+ 53. Kh2 Bf5 54. cxd4 exd4 55. Nd2 Rf4 56. Rg1 Rf2+
57. Rg2 Rxg2+ 58. Kxg2 Kd6 59. Kf2 Kc5 60. Nf3 d3 61. Ke3 Kb4 62. Nd4 Kxa5 63.
Nf3 Kb4 64. Kd2 a5 65. Ne5 a4 66. Nxd3+ Bxd3 67. Kxd3 a3 68. Kd2 h4 69. Kd1 h3
70. Ke2 h2 71. Ke3 h1=Q 72. Kf2 Qh3 73. Kg1 a2 74. Kf2 a1=Q 75. Ke2 Qb2+ 76.
Ke1 Qh1# 0-1

[Event "ICS rated blitz match"]
[Site "207.99.83.227"]
[Date "1999.05.18"]
[Round "?"]
[White "Hossa"]
[Black "Amateur"]
[Result "0-1"]
[WhiteElo "2319"]
[BlackElo "2470"]
[Annotator "Crafty v16.6"]
[PlyCount "67"]

{annotating for player ossa using a scoring margin of +0.20 pawns. search time
limit is 10.00} 1. e4 1... c5 2. Nc3 d6 3. Bc4 Nc6 4. d3 Bd7 5. Nf3 g6 6. Be3
Bg7 7. O-O ({7:+0.06} 7. O-O 7... Nf6 8. Ng5 Ne5 9. Bb3 O-O 10. Nd5 $10) ({
7:+0.27} 7. Qd2 7... Na5 8. O-O-O Nxc4 9. dxc4 Bg4 10. h3 10... Be6 $10) 7...
Nf6 8. Qd2 ({8:-0.34} 8. Qd2 8... Ng4 9. Rae1 Nxe3 10. Qxe3 e5 11. Nb5 Bg4 12.
Ng5 $15) ({8:+0.17} 8. e5 8... dxe5 9. Bxc5 O-O 10. Re1 b6 11. Be3 11... Bg4
$10) 8... Qb6 9. Rab1 Na5 10. e5 ({9:+0.28} 10. e5 10... Nxc4 11. dxc4 dxe5 12.
Nxe5 Bf5 13. Nd3 Bxd3 14. cxd3 Qd6 15. d4 15... Ng4 $10) ({9:+0.57} 10. Bh6
10... Nxc4 11. dxc4 O-O 12. Bxg7 Kxg7 13. e5 dxe5 14. Nxe5 Qd6 15. Nd5 Qxe5 16.
Nxf6 $14) 10... Nxc4 11. dxc4 dxe5 12. Nxe5 Bf5 13. Rfd1 ({8:+0.05} 13. Rfd1
13... O-O 14. Nd3 Bxd3 15. cxd3 Ng4 16. Ne4 Qc7 17. Bf4 $10) ({8:+0.49} 13. Nd3
13... Rd8 14. Rfd1 O-O 15. b4 Qe6 16. Bxc5 16... Ne4 $14) 13... Qe6 14. Nd3
Qxc4 15. b3 Qh4 16. Bg5 Qg4 17. Nxc5 O-O 18. Bh6 ({8:-2.20} 18. Bh6 18... Bxh6
19. Qxh6 Bxc2 20. Qe3 Bxb1 21. Rxb1 Qb4 22. Qe5 $19) ({8:+0.05} 18. f3 18...
Qb4 19. N3e4 Qa3 20. Bxf6 exf6 21. Ra1 Bxe4 22. Nxe4 22... Qe7 $10) 18... Bxh6
19. Qxh6 Bxc2 20. Re1 ({8:-3.13} 20. Re1 20... Bxb1 21. Nxb1 Qf5 22. b4 Ng4 23.
Qh4 23... Rab8 $19) ({8:-2.27} 20. Qe3 20... Bxb1 21. Rxb1 Qf5 22. Rd1 b6 23.
N5e4 23... Rac8 $19) 20... Bxb1 21. Nxb1 Rac8 22. h3 Qd4 23. b4 Qxb4 24. Nd3
Qc4 25. Nc1 Rfd8 26. Nb3 Qb4 27. N3d2 Rd3 28. a3 Qd6 29. Nf1 Qc5 30. g4 Nd5 31.
Nbd2 Qxa3 32. h4 Rd4 33. f3 Rc1 34. Re6 0-1

[Event "ICS rated blitz match"]
[Site "207.99.83.227"]
[Date "1999.05.18"]
[Round "?"]
[White "Fioro"]
[Black "Hossa"]
[Result "0-1"]
[WhiteElo "2243"]
[BlackElo "2310"]
[PlyCount "50"]

1. d4 Nf6 2. c4 d6 3. Nc3 Nbd7 4. Nf3 e5 5. Bg5 Be7 6. e3 O-O 7. Qc2 exd4 8.
exd4 Re8 9. Be2 d5 10. c5 b6 11. cxb6 axb6 12. O-O Ng4 13. Bf4 c6 14. Bd3 Nf8
15. Rfe1 Ng6 16. Bg3 c5 17. h3 Nf6 18. Bf5 Bd7 19. a3 Qc8 20. Bxd7 Qxd7 21.
Rad1 cxd4 22. Nxd4 Bc5 23. Nf5 Rxe1+ 24. Rxe1 Ne4 25. Nxd5 25... Nxg3 {
Fioro resigns} 0-1

[Event "ICS Rated blitz match"]
[Site "207.99.83.227"]
[Date "1999.05.18"]
[Round "?"]
[White "Amateur"]
[Black "Hossa"]
[Result "1-0"]
[WhiteElo "2479"]
[BlackElo "2316"]
[PlyCount "121"]

1. e4 e5 2. Nf3 Nf6 3. Nc3 Bb4 4. Nxe5 Qe7 5. Ng4 Bxc3 6. dxc3 Nxe4 7. Be2 O-O
8. O-O Re8 9. Re1 d6 10. Bf3 f5 11. Qd5+ Kh8 12. Bf4 Qd8 13. Ne3 Nc5 14. Qc4
Be6 15. Bd5 Nbd7 16. Bxe6 Nxe6 17. Bg3 Nb6 18. Qb4 f4 19. Bxf4 a5 20. Qe4 Qh4
21. g3 Qh5 22. Qxb7 Rab8 23. Qc6 Rf8 24. Ng2 Qh3 25. b4 axb4 26. cxb4 Nd4 27.
Qe4 Nf5 28. a4 Nc8 29. Ne3 Nce7 30. Nxf5 Nxf5 31. a5 Kg8 32. a6 Kh8 33. a7 Ra8
34. Qd5 Qg4 35. Qd1 Qh3 36. Re4 c6 37. Rc4 d5 38. Rxc6 Ne7 39. Rb6 Qf5 40. Rb7
Rfe8 41. Bd6 Nc6 42. Rc7 Ne5 43. Bxe5 Qxe5 44. Rd7 Qb2 45. Ra4 Qc3 46. Qxd5
Qxc2 47. Ra1 Qb2 48. Qa5 g6 49. Rad1 Qf6 50. b5 Rf8 51. R7d2 Qf3 52. b6 Rae8
53. Qa1+ Kg8 54. Qa2+ Qf7 55. b7 Qxa2 56. Rxa2 Ra8 57. bxa8=Q Rxa8 58. Rb1 Kf7
59. Rb8 Rxb8 60. axb8=Q h6 61. Ra6 {Hossa resigns} 1-0

[Event "ICS Rated blitz match"]
[Site "207.99.83.227"]
[Date "1999.05.18"]
[Round "?"]
[White "Hossa"]
[Black "Amateur"]
[Result "1-0"]
[WhiteElo "2307"]
[BlackElo "2487"]
[PlyCount "137"]

1. e4 c5 2. Nc3 Nc6 3. Nf3 Nf6 4. Bb5 Nd4 5. Ba4 g6 6. e5 Nh5 7. O-O Bg7 8. Re1
O-O 9. d3 d6 10. exd6 Qxd6 11. Bg5 Ne6 12. Qd2 Nxg5 13. Qxg5 Bf6 14. Ne4 Bxg5
15. Nxd6 Bf6 16. Nxc8 Raxc8 17. Re4 e6 18. Ne5 Rfd8 19. Rae1 Rd4 20. c3 Rxe4
21. Rxe4 g5 22. Nd7 Be7 23. g3 Kg7 24. Rg4 a6 25. Nb6 Rd8 26. Bc2 Kh6 27. Rc4
f5 28. a4 Nf6 29. d4 Kh5 30. a5 cxd4 31. cxd4 Bd6 32. f3 Bb8 33. Rb4 Bc7 34.
Bb3 Re8 35. Nd7 Nxd7 36. Rxb7 Bxg3 37. hxg3 Nf8 38. Rb6 Rd8 39. Rxa6 Rxd4 40.
Bxe6 Nxe6 41. Rxe6 f4 42. g4+ Kh4 43. Kf2 Rd2+ 44. Re2 Rd7 45. a6 Kh3 46. b4 h5
47. gxh5 g4 48. fxg4 Kxg4 49. h6 Rh7 50. Re6 Rd7 51. Rg6+ Kh5 52. Rg7 Rd2+ 53.
Ke1 Rd8 54. h7 Rh8 55. a7 Kh6 56. Rg8 Kxh7 57. a8=Q Rxg8 58. Qxg8+ Kxg8 59. b5
Kf7 60. b6 Ke6 61. b7 Kf6 62. b8=Q Kf5 63. Qd6 f3 64. Kf2 Ke4 65. Qc5 Kf4 66.
Qd5 Kg4 67. Qe5 Kh4 68. Kxf3 Kh3 69. Qh5# {Amateur checkmated} 1-0

[Event "ICS Rated blitz match"]
[Site "207.99.83.227"]
[Date "1999.05.18"]
[Round "?"]
[White "Hossa"]
[Black "rajah"]
[Result "1-0"]
[WhiteElo "2325"]
[BlackElo "2544"]
[PlyCount "137"]

1. e4 c5 2. Nf3 d6 3. d4 cxd4 4. Nxd4 Nf6 5. Bd3 e5 6. Nf3 Be7 7. Nc3 O-O 8.
O-O Nc6 9. Bg5 Be6 10. Qd2 Bg4 11. Be2 Bxf3 12. Bxf3 Nd4 13. Bd1 Qb6 14. Rb1
Rac8 15. Bxf6 Bxf6 16. Bg4 Rc4 17. Nd5 Qc5 18. c3 Ne6 19. Nxf6+ gxf6 20. Qh6
Nf4 21. Bf5 Ng6 22. h4 Re8 23. h5 Nf8 24. Qxf6 Qc7 25. Rbd1 Qe7 26. Qxe7 Rxe7
27. Rxd6 Ne6 28. Bxe6 Rxe6 29. Rxe6 fxe6 30. f3 a5 31. g3 Rc7 32. Kf2 Rd7 33.
Ke3 Rg7 34. Rd1 Rxg3 35. Rd8+ Kg7 36. Rd7+ Kh8 37. Rxb7 Rh3 38. Rb5 Rxh5 39.
Rxa5 Rg5 40. b4 h5 41. Ra8+ Kh7 42. Ra7+ Kh6 43. b5 h4 44. b6 Rg2 45. Re7 Rb2
46. Rxe6+ Kg7 47. Rxe5 Rxb6 48. a4 Rc6 49. Rh5 Rxc3+ 50. Kf4 Ra3 51. Rxh4 Kg6
52. Rg4+ Kf7 53. e5 Rxa4+ 54. Kf5 Ra5 55. Rb4 Ke8 56. Kf6 Kd8 57. e6 Ra6 58.
Rb7 Kc8 59. Rh7 Rd6 60. f4 Rd8 61. f5 Re8 62. Kf7 Kd8 63. f6 Rh8 64. Rxh8+ Kc7
65. e7 Kb6 66. e8=Q Kc5 67. Qe3+ Kd5 68. Rc8 Kd6 69. Qe6# {rajah checkmated}
1-0